Guess the Taylor Swift song #11 - Statistics

General Stats
  • This quiz has been taken 16 times
  • The average score is 269 of 373
Answer Stats
Answer % Correct
a
100%
an
100%
I
100%
me
100%
and
94%
And
94%
in
94%
love
94%
You
94%
you
94%
is
88%
it
88%
it's
88%
know
88%
my
88%
My
88%
of
88%
the
88%
to
88%
We
88%
we
88%
Who
88%
your
88%
all
81%
be
81%
can
81%
Do
81%
don't
81%
How
81%
if
81%
say
81%
this
81%
were
81%
with
81%
you're
81%
You're
81%
but
75%
can't
75%
I'm
75%
losin
75%
see
75%
that
75%
they
75%
too
75%
was
75%
what
75%
won't
75%
as
69%
at
69%
babe
69%
cause
69%
for
69%
now
69%
Now
69%
or
69%
understand
69%
would
69%
anymore
63%
could
63%
did
63%
down
63%
Every
63%
heart
63%
her
63%
only
63%
out
63%
pathological
63%
people
63%
pleaser
63%
risk
63%
sad
63%
something
63%
song
63%
start
63%
tell
63%
thing
63%
time
63%
best
56%
come
56%
empathy
56%
endless
56%
everything
56%
eyes
56%
face
56%
far
56%
from
56%
gave
56%
gone
56%
gray
56%
ignore
56%
just
56%
life
56%
loved
56%
marry
56%
me's
56%
mornin
56%
sick
56%
sit
56%
Stop
56%
throw
56%
wanted
56%
wouldn't
56%
army
50%
back
50%
believe
50%
bit
50%
bravest
50%
bring
50%
built
50%
cure
50%
dark
50%
dyin
50%
either
50%
even
50%
fear
50%
Fighting
50%
find
50%
frontlines
50%
glared
50%
got
50%
have
50%
keep
50%
light
50%
long
50%
lookin
50%
Lose
50%
losing
50%
nails
50%
nothing
50%
party
50%
pulse
50%
quick
50%
Remember
50%
room
50%
soldier
50%
someone
50%
storms
50%
thinkin
50%
thought
50%
Til
50%
tired
50%
wonder
50%
air
44%
always
44%
ashes
44%
blow
44%
Choose
44%
dealt
44%
final
44%
gashes
44%
getting
44%
hallway
44%
loss
44%
mendin
44%
might
44%
phoenix
44%
risin
44%
runnin
44%
sent
44%
signals
44%
such
44%
through
44%
tried
44%
unless
44%
until
44%
admit
38%
bleed
38%
choosin
38%
imposition
38%
indecision
38%
pain
38%
thick
38%
fadin
31%
je
0%
No matching quizzes found
Score Distribution
Percent of People with Each Score
Percentile by Number Answered
Your Score History
You have not taken this quiz